Entendámonos : guía práctica para mejorar la comunicación con los demás /

Libro que aborda los problemas de comunicación personal más comunes a través de explicar las ideas, prejuicios, valores y actitudes que entorpecen nuestras relaciones, con el fin de aportar técnicas para recuperar la capacidad de comunicación fluida, transparente, congruente y honesta.

Guardado en:
Detalles Bibliográficos
Autor principal: Martínez Otero, Lilia (autor)
Formato: Libro
Idioma:Español
Publicado: México : Paidós, 2005, c2005
Colección:(Uno y los Demás ; 6)
Temas:
Etiquetas: Agrega una etiqueta
Sin etiquetas, Sé el primero en etiquetar este registro!

MARC

LEADER 00000nam^a2200000^a^4500
001 000182990
005 20250521000000.0
009 20260310102024.523
020 |a 968-853-617-2 
037 |a Acervo ITESO - Biblioteca 
041 |a ESP 
082 |a 302. 2214  |b MAR 
100 |a Martínez Otero, Lilia  |e (autor) 
245 1 0 |a Entendámonos :  |b guía práctica para mejorar la comunicación con los demás /  |c L. Martínez Otero. 
264 4 |a México :  |b Paidós,  |c 2005, c2005 
300 |a 179 p. 
336 |a texto  |b txt  |2 rdacontenido 
337 |a sin mediación  |b n  |2 rdamedio 
338 |a volumen  |b nc  |2 rdasoporte 
440 1 |a (Uno y los Demás ;  |v 6) 
520 |a Libro que aborda los problemas de comunicación personal más comunes a través de explicar las ideas, prejuicios, valores y actitudes que entorpecen nuestras relaciones, con el fin de aportar técnicas para recuperar la capacidad de comunicación fluida, transparente, congruente y honesta. 
649 |a XX 
650 |a Comunicación Personal 
650 |a Competencia Comunicativa 
650 |a Interacción Social 
650 |a Comunicación 
910 |a Fondo General 
920 |a Impresos - Libros 
930 |a Colección General 
905 |a 101 
901 |a 0500123085  |b IT1  |c ACC  |u 20250521 
902 |a https://opac.biblio.iteso.mx/vufind/Record/000182990